Gaming Quiz

Random Gaming or Pokémon Quiz

Pokemon Snap Specials Quiz Stats

 Plays Quiz not verified by Sporcle

Challenge
Share
Tweet
Embed
Score 0/12 Timer 03:00
0 Plays Today
Course Special Name % Correct
BeachSurfing Pikachu
87.7%
CaveJigglypuff on Stage
55.6%
Rainbow CloudThe Rare Pokemon Mew
55.3%
CaveBalloon Pikachu
41.6%
VolcanoFighting Magmar
41.3%
TunnelPikachu on a Ball
40.6%
CaveFlying Pikachu
38.9%
BeachPikachu on a Stump
36.9%
BeachGust-Using Pidgey
32.1%
RiverSpeed Pikachu
24.6%
CaveJigglypuff Trio on Stage
24.2%
ValleyGraveler's Group Dance
12.3%

You're not logged in!

Compare scores with friends on all Sporcle quizzes.
OR
Log In

You Might Also Like...

Show Comments

Extras

Top Quizzes Today


Score Distribution

Your Account Isn't Verified!

In order to create a playlist on Sporcle, you need to verify the email address you used during registration. Go to your Sporcle Settings to finish the process.

Report this User

Report this user for behavior that violates our Community Guidelines.

Details: